Statistics for Tallest Mountains - Name The Country

Click here to take the quiz!

General Stats

  • This quiz has been taken 67 times
  • The average score is 14 of 18

Answer Stats

Name of point of highest elevationHeightAnswer% Correct
Mount Everest8848mChina / Nepal
100%
Denali (Mount McKinley)6191mUSA
94%
Mount Fuji3776mJapan
94%
Kilimanjaro5892mTanzania
94%
Mount Blanc4810mFrance / Italy
92%
Mount Olympus2919mGreece
90%
K28611mPakistan
89%
Mount Logan5959mCanada
85%
Mount Elbrus5642mRussia
85%
Aoraki (Mount Cook)3724mNew Zealand
85%
Aconcagua6960mArgentina
79%
Ben Nevis1345mUnited Kingdom
79%
Kangchenjunga8586mIndia
74%
Puncak Jaya4885mIndonesia
66%
Hvannadalshnukur2110mIceland
65%
Mount Kosciuzko2228mAustralia
50%
Pico da Neblina2995mBrazil
44%
Mount Villingili2mMaldives
29%

Score Distribution

Percentile by Number Answered

Percent of People with Each Score

Your Score History

You have not taken this quiz